000 00439nab a2200145Ia 4500
003 ES-SlBCS
005 20210601124318.0
008 140529s1988 xxu||||| |||| 00| 0 eng d
041 _aeng
100 1 _aJardine, David W.
_9139555
245 0 0 _aPiaget's Clay and Descartes' Wax
_c David W. Jardine
600 1 _aPiaget, Jean-Descartes
_9139592
773 0 _tEducational Theory
_gvol. 38, nº. 3, 1988, págs. 287-298
_wRev1399
942 _cAR
999 _c512762
_d512762